| 000 | 00309cam a22000977a 4500 | ||
|---|---|---|---|
| 008 | 180718b xxu||||| |||| 00| 0 eng d | ||
| 082 | _aL25x54 In2re | ||
| 245 | _aReport of the central excise ( self removal procedure) review committee | ||
| 260 |
_aDelhi _bThe Manager, Government of India Press _c |
||
| 300 | _a319+p. | ||
| 999 |
_c500268 _d500268 |
||